00298nam a2200121Ia 4500003000400000008004100004082001300045100001700058245005800075260002700133300000800160650000800168OSt191201s2019 xx 000 0 und d a658bSAM aSAKS, Alan M 0aManaging Performance Through Training and Development bCengage Learningc2019 a482 aMBA